Christ`s Preachings and Ours (Record no. 5641)

MARC details
000 -LEADER
fixed length control field 00575nam a2200241 a 4500
020 ## - INTERNATIONAL STANDARD BOOK NUMBER
ISBN
082 00 - DEWEY DECIMAL CLASSIFICATION NUMBER
Classification number 251
Author Cutter PHI
100 ## - MAIN ENTRY--AUTHOR NAME
Author name Philibert, Michel
245 ## - TITLE STATEMENT
Title Christ`s Preachings and Ours
260 ## - PUBLICATION, DISTRIBUTION, ETC. (IMPRINT)
Place of publication Edinburgh
Name of publisher Edinburgh University
Year of publication 1963
300 ## - PHYSICAL DESCRIPTION
Number of Pages 55p
500 ## - GENERAL NOTE
General note includes index and biblioraphy
505 2# - FORMATTED CONTENTS NOTE
Formatted contents note Appendex
650 ## - SUBJECT ADDED ENTRY--TOPICAL TERM
Topical Term Sermons
942 ## - ADDED ENTRY ELEMENTS (KOHA)
Koha item type Books
700 1# -
-- Philibert, Michel
Holdings
Collection code Home library Current library Date acquired Cost, normal purchase price Full call number Accession Number Koha item type
  Henry Martyn Institute Library Henry Martyn Institute Library 07/09/2007 100.00 251 PHI 08135 Books
                   Copyright © 2026 | Henry Martyn Institute | Hyderabad | TS-500052 | INDIA | Implemented by hmi.edu.in
Hit-Count:

Powered by Koha